An introduction to queueing systems

Αποθηκεύτηκε σε:
Λεπτομέρειες βιβλιογραφικής εγγραφής
Κύριος συγγραφέας: Bose, Sanjay K.
Μορφή: Βιβλίο
Γλώσσα:English
Δημοσίευση: New York : Kluwer Academic/Plenum Publishers, 2002
Θέματα:
Ετικέτες: Προσθήκη ετικέτας
Δεν υπάρχουν, Καταχωρήστε ετικέτα πρώτοι!

MARC

LEADER 00000nam a2200000 i 4500
001 1/51269
008 070808s2002 eng d
020 |a 0-306-46734-8 
035 |l 10089676 
040 |a GR-MY-UA  |b gre  |e aacr 
041 0 |a eng 
082 0 |a 519.82  |2 (22) 
100 1 |a Bose, Sanjay K. 
245 1 3 |a An introduction to queueing systems /  |c Sanjay K. Bose 
260 |a New York :   |b Kluwer Academic/Plenum Publishers,   |c 2002 
300 |a xvii, 287 σ.;  |b εικ.;  |c 26 εκ. 
504 |a Βιβλιογραφία : σ. 283-284 . Ευρετήριο 
650 0 0 |a Queuing theory. 
852 |a INST  |b CHIOS  |e 20070808  |h 519.82 BOS  |p 005200025772  |q 005200025772  |t BK  |y 0 
901 |a BIBL2-2007-2 
909 |a Χ  |b 136969 
922 |a 2ΕΛΗ  |b 200707  |c ΕΠΕΑΕΚ2/ΤΜΟΔ  |d ΠΑΠΑΣΩΤΗΡΙΟΥ 
970 |a ΒΑΡΦΗΣ  |b ΒΑΓΓΕΛΗΣ  |z 2007/08/08